Biblioteca completa de educación o instrucciones para las señoras jóvenes, en la edad de entrar ya en la sociedad y poderse casar (Record no. 8594)

MARC details
000 -CABECERA
campo de control de longitud fija 01153nam a2200253 a 4500
001 - NÚMERO DE CONTROL
campo de control BRCA_8943
005 - FECHA Y HORA DE LA ÚLTIMA TRANSACCIÓN
campo de control 20190320210452.0
008 - DATOS DE LONGITUD FIJA--INFORMACIÓN GENERAL
campo de control de longitud fija 030717s1779----sp-#######---#000-0#spa-#
041 ## - CÓDIGO DE LENGUA
Código de lengua del texto/banda sonora o título independiente spa
044 ## - CÓDIGO DEL PAÍS DE LA ENTIDAD EDITORA/PRODUCTORA
Código MARC del país sp
084 ## - OTRO NÚMERO DE CLASIFICACIÓN
Número de clasificación LE36
Número de documento/Ítem .J43 1779
100 1# - ENTRADA PRINCIPAL--NOMBRE DE PERSONA
Nombre de persona Jeann-Marie
Títulos y otros términos asociados al nombre Le prince de Beaumont
9 (RLIN) 22228
245 10 - MENCIÓN DE TÍTULO
Título Biblioteca completa de educación o instrucciones para las señoras jóvenes, en la edad de entrar ya en la sociedad y poderse casar
Resto del título Instruye una Sabia Directora á sus nobles Discípulas en todas las obligaciones pertenecientes al Estado del Matrimonio, y á la educación de sus hijos
Mención de responsabilidad, etc. obra escrito en francés por Madama Le Prince de Beaumont; y traducida al castellano por Don Joseph de la Fresa.
260 ## - PUBLICACIÓN, DISTRIBUCIÓN, ETC.
Lugar de publicación, distribución, etc. Madrid
Nombre del editor, distribuidor, etc. Por D. Manuel Martin
Fecha de publicación, distribución, etc. 1779
300 ## - DESCRIPCIÓN FÍSICA
Extensión 250 p. (t.2)
Dimensiones 15.4 x 10.7 cm
500 ## - NOTA GENERAL
Nota general Con las licencias necesarias
500 ## - NOTA GENERAL
Nota general Estado físico: presenta encuadernación en pergamino
650 14 - PUNTO DE ACCESO ADICIONAL DE MATERIA--TÉRMINO DE MATERIA
Término de materia o nombre geográfico como elemento de entrada Mujer
Subdivisión general Educación
9 (RLIN) 22229
650 14 - PUNTO DE ACCESO ADICIONAL DE MATERIA--TÉRMINO DE MATERIA
Término de materia o nombre geográfico como elemento de entrada Educación
Subdivisión cronológica Obras anteriores a 1800
9 (RLIN) 21679
700 1# - PUNTO DE ACCESO ADICIONAL--NOMBRE DE PERSONA
Nombre de persona Fresa, Joseph de la
Término indicativo de función/relación tr.
9 (RLIN) 22230
700 1# - PUNTO DE ACCESO ADICIONAL--NOMBRE DE PERSONA
Nombre de persona Manuel Martin
Término indicativo de función/relación Impresor
9 (RLIN) 22231
902 ## - CATALOGADOR
Iniciales CFM
942 ## - ELEMENTOS DE PUNTO DE ACCESO ADICIONAL (KOHA)
Fuente del sistema de clasificación o colocación Library of Congress Classification
Tipo de ítem Koha Libros
Holdings
Estado de retiro Estado de pérdida Estado dañado No para préstamo Localización permanente Ubicación/localización actual Fecha de adquisición Total de préstamos Signatura topográfica completa Código de barras Fecha visto por última vez Precio válido a partir de Tipo de ítem Koha
El ejemplar forma parte de la colección y puede ser consultado según las políticas vigentes.       Biblioteca del Museo Franz Mayer (Rogerio Casas-Alatriste) Biblioteca del Museo Franz Mayer (Rogerio Casas-Alatriste) 03/07/2017   LE36 .J43 1779 CFM00266 22/03/2019 22/03/2019 Libros